000 00647nam a2200205Ia 4500
003 GCL
008 140319s9999 xx 000 0 ara d
040 _aGCL /
_cGCL
082 0 4 _a811.1
_bص ش
100 1 _aصلاح رزق
245 1 0 _aشعر المعلقات فى ضوء الدراسة التحليلية والرؤية المعاصرة - القسم الاول, ط2 /
_cصلاح رزق
260 _a[S.N] :
_bدار الثقافة العربية ،
_c1989
300 _a216 ص
490 _a
650 0 4 _aالشعر العربى
650 0 4 _aتاريخ
650 0 4 _aنقد
650 0 4 _aشعر المعلقات
942 _2ddc
_cBK
999 _c52739
_d52739